1042 1580 1137 1858 1953 1546 1785 1286 1823 1300 1942 1503 1754 1009 1069 1797 1649 1332 1915 1343 1859 1380 1638 1100 1286 1876 1383 2000 1887 1549 1152 1068 1723 1588 1590 1504 1821 1093 1550 1920 1594 1063 1173 1113 1072 1015 1008 1026 1485 1368 1546 1524 1755 1825 1810 1140 1540 1381 1267 1773 1157 1564 1872 1898 1204 1432 1136 1116 1573 1197 1686 1787 1542 1939 1663 1147 1499 1987 1301 1728 1148 1255 1114 1176 1312 1069 1711 1223 1025 1061 1873 1508 1921 1742 1377 1728 1629 1811 1354 BCNSPRNW ULIB Ver.6.0+V

เปลี่ยนเป็นภาษาไทย

Change to English
 แสดงรายละเอียดบรรณานุกรม
  กลับหน้าหลัก

Brief Record : Get Marc (ISO 2709) : E-mail record : QR code < ปิดหน้าต่าง
LEADER : 00000nam 2200000uu 4500
001    13399112518
003     ULIB
008    110819s2549||||th 000 0 tha d
020    9749468341
060  4 QV127^bพ219
245 00 พยาบาลกับบุหรี่ /^cบรรณาธิการ, กรองจิต วาทีสาธกกิจ
250    พิมพ์ครั้งที่ 1
260    กรุงเทพฯ :^bเครือข่ายพยาบาลเพื่อการควบคุมยาสูบแห่งประเทศไทยสมาคมพยาบาล แห่งประเทศไทยฯ,^c2549
300    [10], 130 หน้า :^bภาพประกอบ ;^c21 ซม.
536    สำนักงานกองทุนสนับสนุนการสร้างเสริมสุขภาพ (สสส.)
650  7 บุหรี่
650  7 พยาบาล
710 2  เครือข่ายพยาบาลเพื่อการควบคุมยาสูบแห่งประเทศไทย
710 2  สมาคมพยาบาลแห่งประเทศไทยฯ
945    ^p0^l0^i14428
945    ^p0^l0^i14429
995    กัณชพร
999    ^aใช้งานได้ทุกระบบ
รายการนี้ยังไม่มีแท็ก
คุณยังไม่ได้ล็อกอิน คุณสามารถมีกิจกรรมร่วมกับเว็บไซต์ได้ แต่ต้องล็อกอินก่อน ::
  ล็อกอิน

รายการสื่อสารสนเทศ

ลำดับที่ ประเภท เลขเรียก/บาร์โค้ด สถานที่ สถานะ
1. วิทยาศาสตร์การแพทย์ และสุขภาพ
วิทยาศาสตร์การแพทย์ และสุขภาพ
QV127 พ219 ฉ.2 
  Barcode: 14429
ห้องสมุดวิทยาเขตสวรรค์ประชารักษ์
►หนังสือทั่วไป
บนชั้น

รายการใกล้เคียง
    หัวเรื่อง [บุหรี่]
    หัวเรื่อง [พยาบาล]

BibComment


ยังไม่เคยถูกคอมเมนท์

คอมเมนท์ทรัพยากรรายการนี้
  คอมเมนท์: พยาบาลกับบุหรี่ ..


 Copyright 2026. Bcnsprnw @Library